| 000 | 02461nam a2200325 a 4500 | ||
|---|---|---|---|
| 001 | 77681 | ||
| 003 | BD-RjUL | ||
| 005 | 20211209083018.0 | ||
| 008 | 201224s2001 bena|||| m||| 00| 0 ben d | ||
| 035 | _a(BD-RjU )77907 | ||
| 040 |
_aBD-RjUL _bben/eng _cBD-RjUL |
||
| 041 | _aben | ||
| 082 |
_a320.082095492 _bKHB 2001 _223 |
||
| 100 |
_aখাতুন, মোসা. নাসিমা _9242924 |
||
| 245 | 1 | 0 |
_aবাংলাদেশের রাজনীতিতে মহিলাদের অংশগ্রহন : _bগুরুদাসপুর থানার একটি সমীক্ষা / _cমোসা. নাসিমা খাতুন : _6গবেষণা.তত্ত্বাবধায়ক: গোলাম মোর্শেদ ; সহ -গবেষণা তত্ত্বাবধায়ক: মো. মকসুদুর রহমান ; |
| 260 |
_aরাজশাহী: _bরাষ্ট্রবিজ্ঞান বিভাগ, রাজশাহী বিশ্ববিদ্যালয় , _c২০০১ |
||
| 300 |
_a[৭], ১৮৩ পাতা : _bচিএ ; _c২৯ সেমি. |
||
| 502 | _aথিসিস (এম. ফিল.) -- রাষ্ট্রবিজ্ঞান বিভাগ, রাজশাহী বিশ্ববিদ্যালয়, ২০০১ | ||
| 504 | _aগ্রন্থপঞ্জি : পাতা ১৭২ - ১৮৩ | ||
| 600 |
_q _y _9244970 |
||
| 650 |
_aমহিলা _xরাজনৈতিক কর্মকাণ্ড _zবাংলাদেশ _zগুরুদাসপুর থানা _9242988 |
||
| 650 |
_aWomen _xPolitical activity _zBangladesh. _zGurudaspur Thana _9242989 |
||
| 650 |
_aমহিলা _zবাংলাদেশ _zগুরুদাসপুর থানা _xসামাজিক পরিস্থিতি _9243080 |
||
| 650 |
_aWomen _zBangladesh _zGurudaspur Thana _xSocial conditions _9243081 |
||
| 650 |
_aমহিলাদের অধিকার _zবাংলাদেশ _zগুরুদাসপুর থানা _9243082 |
||
| 650 |
_aWomen's rights _zBangladesh. _zGurudaspur Thana _x _9243083 |
||
| 700 |
_aমোর্শেদ, গোলাম, গবেষণা তত্ত্বাবধায়ক _9242927 |
||
| 700 |
_aরহমান, মো .মকসুদুর, সহ -গবেষণা তত্ত্বাবধায়ক _9242928 |
||
| 942 |
_2ddc _cTHE |
||
| 999 |
_c77681 _d77681 |
||